000
00243nam a2200109Ia 4500
008
220204s9999 xx 000 0 und d
082
_a
82-3
_b
MAS
100
_a
Harold Q
245
4
_a
The Attorney
260
_a
London
_b
Corgi
_c
1973
942
_c
BK
999
_c
35230
_d
35230